000 00478nam a22001457a 4500
008 220520b |||||||| |||| 00| 0 eng d
020 _a9789351212553
082 _a294.3 WAR 2014
100 _aWard, Tim
245 _aWhat the Buddha never taught
260 _aIndia :
_bBPI India PVT ltd
_c2014.
300 _axix, 300 p.
_b22 cm.
650 _a Ward, Tim, 1958---Travel--Thailand. Theravāda Buddhism--Thailand. Monastic and religious life (Buddhism)--Thailand.
942 _2ddc
999 _c8971
_d8972